000 01017nam2a2200241 4500
001 rc\2992834
005 20110916082627.3
035 _a(NLR Aleph) 007136831
090 _a13613805
_c13613805
100 _a20110916d1967 |||y0rusy50 ca
101 0 _arus
102 _aRU
105 _aa z |||||
200 0 _aТ. 5
_f[Сост. зоотехник Ф.И. Середов]
210 _d1967
215 _a522 с., 1 л. схем.
_cсхем.
_d27 см
461 0 _1001rc\2992832
_12000#$aГосударственная племенная книга крупного рогатого скота красной горбатовской породы$fМ-во производства и заготовок с.-х. продуктов РСФСР. Упр. по плем. делу и искусств, осеменению с.-х. животных$vТ. 5
702 1 _aСередов
_bФ. И.
_4220
801 0 _aRU
_bNLR
_gpsbo
801 1 _aRU
_bELAR
_2rusmarc
852 _aNLR
_bС
_j90 Г-7/57
942 _cBOOK
980 _aNB